<?xml version="1.0" encoding="UTF-8"?>
<marc:record xmlns:marc="http://www.loc.gov/MARC21/slim">
   <marc:leader>00000nam a2200000 a 4500</marc:leader>
   <marc:datafield ind1="1" ind2=" " tag="100">
      <marc:subfield code="a">Staudinger, Nicole</marc:subfield>
      <marc:subfield code="4">aut</marc:subfield>
      <marc:subfield code="e">Verfasser/-in</marc:subfield>
   </marc:datafield>
   <marc:datafield ind1=" " ind2=" " tag="653">
      <marc:subfield code="a">Frau / Mann / Kommunikation</marc:subfield>
   </marc:datafield>
   <marc:datafield ind1=" " ind2=" " tag="653">
      <marc:subfield code="a">Frau / Mann / Durchsetzungsfähigkeit</marc:subfield>
   </marc:datafield>
   <marc:datafield ind1="0" ind2="0" tag="245">
      <marc:subfield code="a">Männer sind auch nur Menschen</marc:subfield>
   </marc:datafield>
   <marc:datafield ind1="0" ind2="0" tag="245">
      <marc:subfield code="b">warum es hilft, sie hin und wieder daran zu erinnern</marc:subfield>
   </marc:datafield>
   <marc:datafield ind1="0" ind2="0" tag="245">
      <marc:subfield code="c">Staudinger, Nicole</marc:subfield>
   </marc:datafield>
   <marc:datafield ind1=" " ind2="1" tag="264">
      <marc:subfield code="a">München</marc:subfield>
      <marc:subfield code="b">Knaur</marc:subfield>
      <marc:subfield code="c">2020</marc:subfield>
   </marc:datafield>
   <marc:datafield ind1=" " ind2=" " tag="250">
      <marc:subfield code="a">Orig.-Ausg.</marc:subfield>
   </marc:datafield>
   <marc:datafield ind1="1" ind2=" " tag="520">
      <marc:subfield code="a">Als Frauen wird unsere Schlagfertigkeit regelmäßig auf die Probe gestellt. Besonders dann, wenn die Männer in unserem Leben mal wieder das letzte Wort haben müssen und uns die Welt erklären wollen. Und wir? Lassen sie damit zu oft durchkommen. Dabei sind es nicht selten Ladys, die den Laden zusammenhalten und sich bei genauerem Hinsehen als wahre Superheldinnen des Alltags entpuppen. Höchste Zeit also, dass wir uns unserer stärksten Seiten bewusst werden und den Erklärbären dieser Welt das Tanzen beibringen!&lt;br/&gt;Ob im Beruf, der Familie, dem Privatleben oder im Alltag: Nicole Staudinger zeigt, wie Frau sich schlagfertig behauptet, ohne die Nerven oder die gute Laune zu verlieren.&lt;br/&gt;Ein Muss für alle Schlagfertigkeitsqueens! [Verlagsmeldung]</marc:subfield>
   </marc:datafield>
   <marc:datafield ind1=" " ind2=" " tag="020">
      <marc:subfield code="a">9783426789711</marc:subfield>
      <marc:subfield code="9">9783426789711</marc:subfield>
   </marc:datafield>
   <marc:datafield ind1=" " ind2=" " tag="020">
      <marc:subfield code="a">342678971x</marc:subfield>
      <marc:subfield code="9">342678971x</marc:subfield>
   </marc:datafield>
   <marc:datafield ind1=" " ind2=" " tag="041">
      <marc:subfield code="a">ger</marc:subfield>
   </marc:datafield>
   <marc:datafield ind1=" " ind2=" " tag="338">
      <marc:subfield code="a">Band</marc:subfield>
   </marc:datafield>
   <marc:datafield ind1=" " ind2=" " tag="300">
      <marc:subfield code="a">217 S.</marc:subfield>
   </marc:datafield>
</marc:record>
